The Demography of Disasters (Record no. 33083)

MARC details
000 -LEADER
fixed length control field 00963nam a2200121Ia 4500
008 - FIXED-LENGTH DATA ELEMENTS--GENERAL INFORMATION
fixed length control field 220620s9999||||xx |||||||||||||| ||und||
245 #4 - TITLE STATEMENT
Title The Demography of Disasters
Remainder of title Impacts for Population and Place
546 ## - LANGUAGE NOTE
Language note English[eng]
650 ## - SUBJECT ADDED ENTRY--TOPICAL TERM
Topical term or geographic name entry element Demography||Human Geography||Climate Change||Statistics for Social Sciences, Humanities, Law||Population Economics||Natural Hazards||Population and Demography||Environmental Sciences||Statistics in Social Sciences, Humanities, Law, Education, Behavorial Sciences, Public Policy||Impact of disasters||Demograhic change||Regional effects of disasters||Population dynamics||Environmental change||Open access||Population & demography||Human geography||Climate change||Social research & statistics||Political economy||Natural disasters
700 ## - ADDED ENTRY--PERSONAL NAME
Personal name Karácsonyi, Dávid||Taylor, Andrew||Bird, Deanne
856 ## - ELECTRONIC LOCATION AND ACCESS
Uniform Resource Identifier <a href="https://library.oapen.org/bitstream/20.500.12657/42577/1/2021_Book_TheDemographyOfDisasters.pdf">https://library.oapen.org/bitstream/20.500.12657/42577/1/2021_Book_TheDemographyOfDisasters.pdf</a>
942 ## - ADDED ENTRY ELEMENTS (KOHA)
Koha item type E-Books
Holdings
Withdrawn status Lost status Damaged status Not for loan Home library Current library Date acquired Total Checkouts Date last seen Price effective from Koha item type
        Kerala University of Digital Sciences, Innovation and Technology Knowledge Centre Kerala University of Digital Sciences, Innovation and Technology Knowledge Centre 20/06/2022   20/06/2022 20/06/2022 E-Books